Applied Data Mining for Business and Industry

Salvato in:
Dettagli Bibliografici
Autori principali: Giudici, Paolo (Autore), Figini, Silvia (Autore)
Natura: Libro
Lingua:inglese
Pubblicazione: Chichester : John Wiley & Sons, 2009
Edizione:2. vyd.
Soggetti:
Accesso online:OBSAH
Tags: Aggiungi Tag
Nessun Tag, puoi essere il primo ad aggiungerne!!

MARC

LEADER 00000nam a22000003a 4500
001 stu197423
005 20190206124605.9
008 091218s2009----uk------------------eng-d
020 |a 978-0-470-05887-9 
040 |a STU  |b slo 
041 0 |a eng 
044 |a uk 
080 |a 004  |7 stu_us_auth*stu9200 
100 1 |a Giudici, Paolo  |4 aut 
245 1 |a Applied Data Mining for Business and Industry 
250 |a 2. vyd. 
260 |a Chichester :  |b John Wiley & Sons,  |c 2009 
300 |a 249 s 
650 7 |a získavanie dát  |2 stusub 
650 7 |a spracovanie informácií  |2 stusub 
650 7 |a štatistika  |2 stusub 
700 1 |a Figini, Silvia  |4 aut 
856 4 |a https://sweb.mtf.stuba.sk/obsahy/applied_data_mining_for_business_and_industry_09  |u https://sweb.mtf.stuba.sk/obsahy/applied_data_mining_for_business_and_industry_09  |3 OBSAH 
996 |b 284M081368  |c M*13271-1  |l MMKN  |s A  |a 24  |w stu197423_0001 
996 |b 6135  |c I*6135  |l II680  |s A  |a 24  |w stu197423_0002